000 00324nam a22001457a 4500
008 230605b ||||| |||| 00| 0 eng d
020 _a9780321706690
041 _aeng
080 _2VOLUME 2
_a159.9
082 _a159.9WOL
100 _a25
101 _aPSI
245 _aUNIVERSITY PHYSICS
_cWOLFSON.R
942 _2udc
_cBK
999 _c59912
_d59912